Statistics for Cities by Famous Bands

Click here to take the quiz!

General Stats

  • This quiz has been taken 66 times
  • The average score is 27 of 40

Answer Stats

BandCountryCity% Correct
RammsteinGermanyBerlin
97%
The BeatlesEnglandLiverpool
95%
OasisEnglandManchester
95%
A-haNorwayOslo
95%
ABBASwedenStockholm
95%
U2IrelandDublin
93%
QueenEnglandLondon
93%
EaglesUnited StatesLos Angeles
91%
AC/DCAustraliaSydney
91%
The RasmusFinlandHelsinki
90%
BTSSouth KoreaSeoul
90%
RamonesUnited StatesNew York
88%
MåneskinItalyRome
88%
Earth, Wind & FireUnited StatesChicago
86%
RushCanadaToronto
86%
Arcade FireCanadaMontreal
83%
JourneyUnited StatesSan Francisco
83%
Pearl JamUnited StatesSeattle
83%
ZZ TopUnited StatesHouston
81%
AerosmithUnited StatesBoston
78%
Primal ScreamScotlandGlasgow
78%
Mor ve ÖtesiTurkeyIstanbul
74%
StereophonicsWalesCardiff
72%
Duran DuranEnglandBirmingham
66%
Ace of BaseSwedenGothenburg
66%
KinoRussiaSaint Petersburg
62%
Kaiser ChiefsEnglandLeeds
60%
Def LeppardEnglandSheffield
59%
KraftwerkGermanyDüsseldorf
55%
Imagine DragonsUnited StatesLas Vegas
53%
Massive AttackEnglandBristol
52%
ScorpionsGermanyHanover
45%
The CranberriesIrelandLimerick
45%
Backstreet BoysUnited StatesOrlando
40%
Okean ElzyUkraineLviv
31%
KasabianEnglandLeicester
28%
Children of BodomFinlandEspoo
22%
EvanescenceUnited StatesLittle Rock
10%
Tokio HotelGermanyMagdeburg
10%
AlphavilleGermanyMünster
9%

Score Distribution

Percentile by Number Answered

Percent of People with Each Score

Your Score History

You have not taken this quiz